000 00569nam a2200157 a 4500
001 000040488
005 20250205122719.0
008 130826s2008 dr 000 0 spa d
040 _aDO-SdBNP
_bspa
_cBNPHU
100 1 _aMaier, Julio
_966794
245 1 0 _aConferencias inéditas de Julio Maier /
_cJulio Maier ; prólogo César Pina Toribio.
260 _aSanto Domingo :
_bComisionado de Apoyo a la Reforma,
_c2008 .
300 _a201 p. ;
_c29 cm.
504 _aIncluye referencias bibliográficas y notas al pie de las páginas
700 1 _aPina Toribio, César
_916867
999 _c39978
_d39978